000
00196 a2200097 4500
001
1524
100
_a
Drake, C.R.H
245
_a
Aircraft woodwork
260
_a
_b
Macmillan
_c
090
_c
1065
_d
1065
942
_a
NUST-CAE
_c
M
_c
725
999
_c
236597
_d
236597